|
|
|
|
| LEADER |
00000nam0a2200000 4500 |
| 001 |
198603 |
| 005 |
20231101224829.0 |
| 010 |
|
|
|a 9785397021494
|
| 035 |
|
|
|a (RuTPU)RU\TPU\book\216603
|
| 090 |
|
|
|a 198603
|
| 100 |
|
|
|a 20110701d2011 k y0rusy50 ca
|
| 101 |
0 |
|
|a rus
|
| 102 |
|
|
|a RU
|
| 105 |
|
|
|a y z 000zb
|
| 200 |
1 |
|
|a Философия Давида Юма: основные теоретические принципы
|f Н. Д. Виноградов
|
| 210 |
|
|
|a Москва
|c Либроком
|d 2011
|
| 215 |
|
|
|a 262 с.
|
| 225 |
1 |
|
|a Из наследия мировой философской мысли: история философии
|
| 300 |
|
|
|a Книга на дореволюционном русском языке (репринтное воспроизведение издания 1905 г.)
|
| 330 |
|
|
|a Вниманию читателей предлагается книга отечественного философа, педагога и психолога, специалиста по истории западноевропейской философии Н. Д. Виноградова (1868-1936), посвященная исследованию творчества выдающегося шотландского мыслителя XVIII века Давида Юма. В книге представлено толкование теоретических принципов Юма путем обстоятельного изложения его основных концепций. Автор прослеживает судьбу юмовской философии, начиная с появления важнейших произведений Юма и заканчивая некоторыми течениями философской мысли, связанными с традициями его учений. В книгу включены биографические сведения о Юме, которые проливают свет на генезис его философии. В заключение автор приводит краткие критические замечания по поводу главнейших воззрений Юма, относящихся преимущественно к области психологии и гносеологии. Настоящее издание представляет собой первую часть фундаментального труда Н. Д. Виноградова, посвященного философии Юма. Вторая часть — "Философия Давида Юма: Этика Юма в связи с важнейшими направлениями британской морали XVII-XVIII вв." — выходит одновременно с первой в нашем издательстве. Книга рекомендуется философам и историкам философии, студентам философских факультетов вузов, а также всем, кто интересуется творчеством Давида Юма.
|
| 600 |
|
1 |
|a Юм
|g Дэвид
|b Д.
|c английский философ
|c историк
|c экономист
|f 1711-1776
|2 stltpush
|3 (RuTPU)RU\TPU\pers\416
|
| 606 |
1 |
|
|a Английская философия
|x История
|z Конец 16-1 пол. 19 в. в.
|2 stltpush
|3 (RuTPU)RU\TPU\subj\29045
|9 52457
|
| 610 |
1 |
|
|a философская мысль
|
| 610 |
1 |
|
|a Англия
|
| 610 |
1 |
|
|a 18 век
|
| 610 |
1 |
|
|a история
|
| 610 |
1 |
|
|a английские философы
|
| 610 |
1 |
|
|a биографии
|
| 610 |
1 |
|
|a философские концепции
|
| 686 |
|
|
|a Ю3(4Вл)5
|v LBC/SL-A
|2 rubbk
|
| 700 |
|
1 |
|a Виноградов
|b Н. Д.
|g Николай Дмитриевич
|
| 801 |
|
1 |
|a RU
|b 63413507
|c 20110701
|
| 801 |
|
2 |
|a RU
|b 63413507
|c 20111128
|g RCR
|
| 942 |
|
|
|c BK
|
| 959 |
|
|
|a 65/20110701
|d 1
|e 264,88
|f ЧЗГЛ:1
|